000 02028nam a2200301 i 4500
003 OSt
005 20260412114033.0
008 260412t20252006enkao grb 001 0 eng d
020 _a9781800653993
_cRM 109.90
_qpaperback
040 _aPPAK
_beng
_cPPAK
_erda
082 0 4 _223
_a736.982
090 0 0 _a736.982
_bONO
_dG
100 1 _aOno, Mari,
_d1961-
_eauthor.
245 1 0 _athe simple art of Japanese origami :
_b24 unique oriental projects /
_cmari ono
246 3 0 _aThe simple art of origami :
_btwenty four unique oriental projects
264 1 _aLondon :
_bCICO Books, An imprint of Ryland Peters & Small Ltd.,
_c2025
264 4 _c©2006
300 _a96 pages :
_bcolour photographs ;
_c24 cm +
_e50 pieces of origami paper
336 _atext
_2rdacontent
336 _astill image
_2rdacontent
337 _aunmediated
_2rdamedia
338 _avolume
_2rdacarrier
500 _aIncludes index.
500 _aIncludes 50 pieces of origami paper.
520 _aDiscover TRUE JAPANESE DESIGN with 24 BEAUTIFUL paper projects, designed by BESTSELLING author Mari Ono, with 50 sheets of origami paper included.IDEAL FOR BEGINNNERS: each project features clear STEP-BY-STEP images and EASY-TO-FOLLOW instructions.Tokyo-born Mari Ono introduces you to the top Japanese origami techniques, teaching you how to understand and use paper authentically to make beautiful gifts, decorations and more. Plus, the 50 pieces of gorgeous origami paper included mean you can get started right away.The projects range from traditional ideas to more contemporary designs. Give a card embellished with symbols of love and luck for a special occasion, fill a vase with pretty paper irises to decorate your home or bring the paper to life by folding a sweet rabbit or crane.Including professional tips and finishing touches, this is the book that will show you how to create truly authentic Japanese papercrafts using the best paper designs from the modern East
650 1 0 _aOrigami.
942 _2ddc
_cB
999 _c203797
_d203797